[Event "FIDE World Rapid-ch Open 2018"]
[White "Potapov, Pavel"]
[Black "Petrosian, Tigran L."]
[Site "St. Petersburg"]
[Round "9.37"]
[Annotator "ChessBase"]
[Result "0-1"]
[Date "2018.12.27"]
[WhiteElo "2516"]
[BlackElo "2598"]
[PlyCount "88"]
[TimeControl "900+10"]

1. e4 {[%emt 0:0:0]} g6 {[%emt 0:0:0]} 2. d4 {[%emt 0:0:0]} Bg7 {[%emt 0:0:0]} 3. Nc3 {[%emt 0:0:0]} a6 {[%emt 0:0:0]} 4. f4 {[%emt 0:0:26]} b5 {[%emt 0:0:0]
} 5. Nf3 {[%emt 0:0:8]} d6 {[%emt 0:0:0]} 6. Be3 {[%emt 0:0:0]} Bb7 {[%emt 0:0:0]} 7. a3 {[%emt 0:0:19]} Nd7 {[%emt 0:0:2]} 8. Be2 {[%emt 0:0:50]
} c5 {[%emt 0:1:9]} 9. dxc5 {[%emt 0:0:30]} Nxc5 {[%emt 0:0:0]} 10. e5 {[%emt 0:0:22]} Nh6 {[%emt 0:0:6]} 11. exd6 {[%emt 0:0:45]} exd6 {[%emt 0:0:3]} 12. Bd4 {[%emt 0:0:14]} 0-0 {[%emt 0:0:15]} 13. Bxg7 {[%emt 0:0:20]
} Kxg7 {[%emt 0:0:1]} 14. Qd4+ {[%emt 0:0:54]} Kg8 {[%emt 0:0:0]} 15. 0-0-0 {[%emt 0:0:36]} Nf5 {[%emt 0:0:18]} 16. Qd2 {[%emt 0:0:54]
} Re8 {[%emt 0:0:20]} 17. Rde1 {[%emt 0:1:56]} d5 {[%emt 0:5:51]} 18. g4 {[%emt 0:2:35]
} Ne3 {[%emt 0:4:41]} 19. Nd4 {[%emt 0:0:48]} Ng2 {[%emt 0:0:0]} 20. Reg1 {[%emt 0:0:40]} Ne4 {[%emt 0:0:7]} 21. Nxe4 {[%emt 0:0:49]} dxe4 {[%emt 0:0:1]} 22. f5 {[%emt 0:1:32]} e3 {[%emt 0:0:13]} 23. Qd1 {[%emt 0:0:2]
} Nf4 {[%emt 0:1:22]} 24. Bf3 {[%emt 0:0:51]} e2 {[%emt 0:0:0]} 25. Qd2 {[%emt 0:0:4]} Bxf3 {[%emt 0:0:7]} 26. Nxf3 {[%emt 0:0:6]} Qxd2+ {[%emt 0:0:7]} 27. Nxd2 {[%emt 0:0:18]} Rac8 {[%emt 0:0:35]} 28. Kb1 {[%emt 0:0:8]} Re3 {[%emt 0:0:26]} 29. Nb3 {[%emt 0:1:3]} Rd8 {[%emt 0:0:0]} 30. Nc1 {[%emt 0:0:30]} Ng2 {[%emt 0:0:23]} 31. Rxg2 {[%emt 0:0:12]} e1=Q {[%emt 0:0:2]} 32. Rxe1 {[%emt 0:0:1]} Rxe1 {[%emt 0:0:1]} 33. c3 {[%emt 0:0:2]
} Rdd1 {[%emt 0:0:3]} 34. Rc2 {[%emt 0:0:1]} gxf5 {[%emt 0:0:0]} 35. gxf5 {[%emt 0:0:1]} Rf1 {[%emt 0:0:4]} 36. b3 {[%emt 0:0:13]} Rxf5 {[%emt 0:0:3]} 37. c4 {[%emt 0:0:1]} bxc4 {[%emt 0:0:3]} 38. bxc4 {[%emt 0:0:1]
} Kf8 {[%emt 0:0:17]} 39. Kb2 {[%emt 0:0:6]} Ke7 {[%emt 0:0:0]} 40. Nb3 {[%emt 0:0:5]} Rdf1 {[%emt 0:0:13]} 41. Re2+ {[%emt 0:0:5]} Kd7 {[%emt 0:0:11]} 42. Re4 {[%emt 0:0:51]} R1f2+ {[%emt 0:0:8]} 43. Kc3 {[%emt 0:0:3]
} R5f3+ {[%emt 0:0:1]} 44. Kb4 {[%emt 0:0:5]} Rb2 {[%emt 0:0:0]} 0-1

[Event "FIDE World Rapid-ch Open 2018"]
[White "Pantsulaia, Levan"]
[Black "Sanal, Vahap"]
[Site "St. Petersburg"]
[Round "9.38"]
[Annotator "ChessBase"]
[Result "1-0"]
[Date "2018.12.27"]
[WhiteElo "2597"]
[BlackElo "2490"]
[PlyCount "85"]
[TimeControl "900+10"]

1. c4 {[%emt 0:0:0]} Nf6 {[%emt 0:0:16]} 2. Nc3 {[%emt 0:0:9]} e5 {[%emt 0:0:13]
} 3. Nf3 {[%emt 0:0:3]} Nc6 {[%emt 0:0:3]} 4. e4 {[%emt 0:0:0]} Bc5 {[%emt 0:0:49]} 5. Nxe5 {[%emt 0:0:4]} Nxe5 {[%emt 0:0:15]} 6. d4 {[%emt 0:0:1]} Bb4 {[%emt 0:2:24]} 7. dxe5 {[%emt 0:0:3]} Nxe4 {[%emt 0:0:0]} 8. Qf3 {[%emt 0:0:3]} d5 {[%emt 0:1:31]} 9. a3 {[%emt 0:2:44]} Bxc3+ {[%emt 0:0:6]} 10. bxc3 {[%emt 0:0:2]} 0-0 {[%emt 0:0:11]} 11. Be3 {[%emt 0:6:26]
} Qe7 {[%emt 0:1:17]} 12. Bd4 {[%emt 0:1:8]} Be6 {[%emt 0:0:0]} 13. Bd3 {[%emt 0:0:6]} f5 {[%emt 0:2:0]} 14. exf6 {[%emt 0:0:44]} Nxf6 {[%emt 0:0:5]} 15. Qe2 {[%emt 0:3:23]} Rae8 {[%emt 0:0:52]} 16. 0-0 {[%emt 0:0:6]
} c5 {[%emt 0:0:16]} 17. cxd5 {[%emt 0:0:47]} Nxd5 {[%emt 0:0:0]} 18. Qe4 {[%emt 0:0:34]} g6 {[%emt 0:2:5]} 19. Be5 {[%emt 0:0:2]} Qd7 {[%emt 0:0:12]} 20. f4 {[%emt 0:0:49]} Nf6 {[%emt 0:1:11]} 21. Qe2 {[%emt 0:0:0]} a6 {[%emt 0:0:37]} 22. Rad1 {[%emt 0:0:16]} Qc8 {[%emt 0:0:34]} 23. h3 {[%emt 0:0:12]} b5 {[%emt 0:0:32]} 24. a4 {[%emt 0:0:20]} c4 {[%emt 0:0:0]} 25. Bc2 {[%emt 0:0:3]} Nd7 {[%emt 0:0:5]} 26. axb5 {[%emt 0:0:26]} axb5 {[%emt 0:0:9]} 27. Bd4 {[%emt 0:0:13]} Bf5 {[%emt 0:0:15]} 28. Qf2 {[%emt 0:0:3]
} Bxc2 {[%emt 0:0:9]} 29. Qxc2 {[%emt 0:0:1]} Nc5 {[%emt 0:0:0]} 30. Rb1 {[%emt 0:0:21]} Qc6 {[%emt 0:0:10]} 31. f5 {[%emt 0:0:2]} Ne4 {[%emt 0:0:13]} 32. fxg6 {[%emt 0:0:3]} hxg6 {[%emt 0:0:2]} 33. Rbe1 {[%emt 0:0:11]
} Rxf1+ {[%emt 0:0:6]} 34. Rxf1 {[%emt 0:0:1]} Qd5 {[%emt 0:0:0]} 35. Qc1 {[%emt 0:0:15]} g5 {[%emt 0:0:16]} 36. Qd1 {[%emt 0:0:25]} Rf8 {[%emt 0:0:20]} 37. Re1 {[%emt 0:0:9]} Nf6 {[%emt 0:0:23]} 38. Re5 {[%emt 0:0:3]
} Qd6 {[%emt 0:0:15]} 39. Rxg5+ {[%emt 0:0:2]} Kf7 {[%emt 0:0:0]} 40. Rxb5 {[%emt 0:0:3]} Rd8 {[%emt 0:0:19]} 41. Qf3 {[%emt 0:0:10]} Re8 {[%emt 0:0:10]} 42. Rb7+ {[%emt 0:0:27]} Kg6 {[%emt 0:0:3]} 43. Rb6 {[%emt 0:0:6]
} 1-0

[Event "FIDE World Rapid-ch Open 2018"]
[White "Ghaem Maghami, Ehsan"]
[Black "Yudin, Sergei"]
[Site "St. Petersburg"]
[Round "9.39"]
[Annotator "ChessBase"]
[Result "1/2-1/2"]
[Date "2018.12.27"]
[WhiteElo "2537"]
[BlackElo "2507"]
[PlyCount "143"]
[TimeControl "900+10"]

1. d4 {[%emt 0:0:0]} d5 {[%emt 0:0:0]} 2. Nf3 {[%emt 0:0:0]} c6 {[%emt 0:0:0]} 3. c4 {[%emt 0:0:0]} e6 {[%emt 0:0:0]} 4. Bg5 {[%emt 0:0:16]} Be7 {[%emt 0:0:2]} 5. Bxe7 {[%emt 0:0:19]} Qxe7 {[%emt 0:0:2]} 6. Qb3 {[%emt 0:2:18]
} Nf6 {[%emt 0:0:31]} 7. g3 {[%emt 0:1:30]} Nbd7 {[%emt 0:0:0]} 8. cxd5 {[%emt 0:1:7]} exd5 {[%emt 0:0:11]} 9. Bg2 {[%emt 0:0:15]} 0-0 {[%emt 0:0:18]} 10. Nc3 {[%emt 0:0:3]} Ne4 {[%emt 0:1:18]} 11. e3 {[%emt 0:0:0]} Ndf6 {[%emt 0:1:5]} 12. 0-0 {[%emt 0:1:26]} Bg4 {[%emt 0:0:18]} 13. Nxe4 {[%emt 0:0:17]} Nxe4 {[%emt 0:0:12]} 14. Ne5 {[%emt 0:1:7]} Be6 {[%emt 0:0:54]
} 15. Rfe1 {[%emt 0:2:6]} Rfe8 {[%emt 0:0:39]} 16. Rac1 {[%emt 0:0:9]
} h5 {[%emt 0:1:39]} 17. Qd1 {[%emt 0:1:41]} h4 {[%emt 0:0:48]
} 18. Qh5 {[%emt 0:0:14]} hxg3 {[%emt 0:0:25]} 19. hxg3 {[%emt 0:0:14]} Nf6 {[%emt 0:0:27]} 20. Qh4 {[%emt 0:0:28]} Nd7 {[%emt 0:0:20]} 21. Qxe7 {[%emt 0:0:37]
} Rxe7 {[%emt 0:0:2]} 22. Nxd7 {[%emt 0:1:25]} Rxd7 {[%emt 0:0:0]} 23. f3 {[%emt 0:0:10]} Kf8 {[%emt 0:0:19]} 24. Kf2 {[%emt 0:0:2]} Ke7 {[%emt 0:0:1]} 25. Rh1 {[%emt 0:0:9]} Rdd8 {[%emt 0:0:2]} 26. Bh3 {[%emt 0:0:22]
} Rh8 {[%emt 0:0:15]} 27. Bxe6 {[%emt 0:0:28]} Kxe6 {[%emt 0:0:0]} 28. g4 {[%emt 0:0:8]} Kd6 {[%emt 0:0:15]} 29. e4 {[%emt 0:0:25]} f6 {[%emt 0:0:32]} 30. Ke3 {[%emt 0:0:13]} Rae8 {[%emt 0:0:14]} 31. Kf4 {[%emt 0:0:33]
} dxe4 {[%emt 0:1:12]} 32. fxe4 {[%emt 0:0:4]} Ke6 {[%emt 0:0:0]} 33. g5 {[%emt 0:0:38]} fxg5+ {[%emt 0:0:17]} 34. Kxg5 {[%emt 0:0:5]
} Rxh1 {[%emt 0:0:3]} 35. Rxh1 {[%emt 0:0:3]} Rd8 {[%emt 0:0:1]} 36. d5+ {[%emt 0:1:0]} cxd5 {[%emt 0:0:20]} 37. exd5+ {[%emt 0:0:10]} Rxd5+ {[%emt 0:0:3]
} 38. Kf4 {[%emt 0:0:8]} Rd2 {[%emt 0:0:11]} 39. Rb1 {[%emt 0:0:0]} Kf6 {[%emt 0:0:7]} 40. Ke3 {[%emt 0:0:8]} Rh2 {[%emt 0:0:5]} 41. a4 {[%emt 0:0:6]} Ke5 {[%emt 0:0:25]} 42. Rg1 {[%emt 0:0:21]} Kf6 {[%emt 0:0:0]} 43. Rb1 {[%emt 0:0:6]} g5 {[%emt 0:0:4]} 44. b4 {[%emt 0:0:10]} Ke5 {[%emt 0:0:29]} 45. Rc1 {[%emt 0:0:14]} Rh3+ {[%emt 0:0:19]} 46. Kf2 {[%emt 0:0:4]
} Rh4 {[%emt 0:0:23]} 47. Rc5+ {[%emt 0:0:11]} Kd6 {[%emt 0:0:0]} 48. Rb5 {[%emt 0:0:8]} b6 {[%emt 0:0:3]} 49. a5 {[%emt 0:0:6]} Kc6 {[%emt 0:0:35]
} 50. Rxg5 {[%emt 0:0:3]} Rxb4 {[%emt 0:0:7]} 51. axb6 {[%emt 0:0:4]
} axb6 {[%emt 0:0:12]} 52. Ke3 {[%emt 0:0:9]} Rc4 {[%emt 0:0:0]} 53. Kd3 {[%emt 0:0:19]} b5 {[%emt 0:0:5]} 54. Rg6+ {[%emt 0:0:21]} Kc5 {[%emt 0:0:10]} 55. Rg1 {[%emt 0:0:2]} Kb6 {[%emt 0:0:23]} 56. Rb1 {[%emt 0:0:17]
} Rc8 {[%emt 0:0:48]} 57. Kd4 {[%emt 0:0:13]} Rc2 {[%emt 0:0:0]} 58. Kd3 {[%emt 0:0:4]} Rc4 {[%emt 0:0:2]} 59. Rh1 {[%emt 0:0:13]} Kc5 {[%emt 0:1:3]} 60. Rg1 {[%emt 0:0:2]} Kb4 {[%emt 0:1:0]} 61. Rb1+ {[%emt 0:0:5]
} Ka5 {[%emt 0:0:2]} 62. Ra1+ {[%emt 0:0:7]} Ra4 {[%emt 0:0:0]} 63. Rb1 {[%emt 0:0:11]} Ra3+ {[%emt 0:0:8]} 64. Kc2 {[%emt 0:0:5]} Ka4 {[%emt 0:0:3]} 65. Rh1 {[%emt 0:0:8]} Rg3 {[%emt 0:0:4]} 66. Kb2 {[%emt 0:0:19]
} Rg2+ {[%emt 0:0:7]} 67. Kb1 {[%emt 0:0:1]} Rg3 {[%emt 0:0:0]} 68. Kb2 {[%emt 0:0:7]} b4 {[%emt 0:0:2]} 69. Rh2 {[%emt 0:0:3]} Rb3+ {[%emt 0:0:35]} 70. Ka2 {[%emt 0:0:4]} Ra3+ {[%emt 0:0:3]} 71. Kb2 {[%emt 0:0:1]
} Rb3+ {[%emt 0:0:2]} 72. Ka2 {[%emt 0:0:2]} 1/2-1/2

[Event "FIDE World Rapid-ch Open 2018"]
[White "Grigoriants, Sergey"]
[Black "Kobo, Ori"]
[Site "St. Petersburg"]
[Round "9.40"]
[Annotator "ChessBase"]
[Result "1-0"]
[Date "2018.12.27"]
[WhiteElo "2540"]
[BlackElo "2494"]
[PlyCount "116"]
[TimeControl "900+10"]

1. e4 {[%emt 0:0:0]} g6 {[%emt 0:0:0]} 2. d4 {[%emt 0:0:0]} Bg7 {[%emt 0:0:0]} 3. Nc3 {[%emt 0:1:4]} d6 {[%emt 0:0:0]} 4. Be3 {[%emt 0:0:3]} a6 {[%emt 0:0:1]} 5. Nf3 {[%emt 0:0:15]} Nf6 {[%emt 0:0:5]} 6. a4 {[%emt 0:0:0]} 0-0 {[%emt 0:0:16]} 7. h3 {[%emt 0:0:8]} b6 {[%emt 0:0:18]} 8. Bd3 {[%emt 0:0:16]} Bb7 {[%emt 0:0:8]} 9. 0-0 {[%emt 0:0:5]} e6 {[%emt 0:0:0]} 10. Qd2 {[%emt 0:0:23]} Nc6 {[%emt 0:0:27]} 11. Bg5 {[%emt 0:1:22]} Qc8 {[%emt 0:1:47]} 12. Rfe1 {[%emt 0:1:46]} Re8 {[%emt 0:0:40]} 13. Bc4 {[%emt 0:1:27]
} Ne7 {[%emt 0:1:46]} 14. Ba2 {[%emt 0:0:57]} Rb8 {[%emt 0:0:0]} 15. Qf4 {[%emt 0:1:4]} Nd7 {[%emt 0:1:4]} 16. Qh4 {[%emt 0:0:13]} Nc6 {[%emt 0:0:3]} 17. Rad1 {[%emt 0:0:2]} Nb4 {[%emt 0:0:41]} 18. Bb1 {[%emt 0:0:34]
} c5 {[%emt 0:0:34]} 19. Ne2 {[%emt 0:0:24]} cxd4 {[%emt 0:0:0]} 20. Nexd4 {[%emt 0:0:2]} Nc6 {[%emt 0:0:37]} 21. c3 {[%emt 0:0:41]} Nxd4 22. Nxd4 Ne5 {[%emt 0:0:57]} 23. Nc2 {[%emt 0:4:37]} Nc4 {[%emt 0:1:37]
} 24. Ne3 {[%emt 0:0:27]} Nxe3 {[%emt 0:0:38]} 25. Rxe3 {[%emt 0:0:6]} Qc5 {[%emt 0:0:54]} 26. Be7 {[%emt 0:0:39]} Be5 {[%emt 0:0:16]} 27. Bf6 {[%emt 0:0:59]
} Bxf6 {[%emt 0:0:56]} 28. Qxf6 {[%emt 0:0:1]} Rbd8 {[%emt 0:0:0]} 29. Rd4 {[%emt 0:0:45]} e5 {[%emt 0:0:35]} 30. Ba2 {[%emt 0:0:26]} Qc7 {[%emt 0:0:54]} 31. Rd2 {[%emt 0:0:7]} Bc8 {[%emt 0:0:14]} 32. Red3 {[%emt 0:0:17]
} Be6 {[%emt 0:0:2]} 33. Bd5 {[%emt 0:0:5]} Bxd5 {[%emt 0:0:0]} 34. Rxd5 {[%emt 0:0:1]} Re6 {[%emt 0:0:1]} 35. Qg5 {[%emt 0:0:4]} Kg7 {[%emt 0:0:17]} 36. h4 {[%emt 0:0:7]} h6 {[%emt 0:0:9]} 37. Qe3 {[%emt 0:0:2]
} Qc4 {[%emt 0:0:18]} 38. Qxb6 {[%emt 0:0:8]} Ree8 {[%emt 0:0:0]} 39. Qb4 {[%emt 0:0:7]} Qxb4 {[%emt 0:0:12]} 40. cxb4 {[%emt 0:0:1]
} Rb8 {[%emt 0:0:1]} 41. b5 {[%emt 0:0:38]} axb5 {[%emt 0:0:1]} 42. Rxb5 {[%emt 0:0:5]
} Rxb5 {[%emt 0:0:2]} 43. axb5 {[%emt 0:0:1]} Rb8 {[%emt 0:0:0]} 44. Rd5 {[%emt 0:0:14]} Kf8 {[%emt 0:0:7]} 45. Kf1 {[%emt 0:0:10]} Ke7 {[%emt 0:0:2]} 46. Ke2 {[%emt 0:0:1]} Ra8 {[%emt 0:0:40]} 47. b6 {[%emt 0:0:12]
} Rb8 {[%emt 0:0:22]} 48. Rb5 {[%emt 0:0:1]} Kd7 {[%emt 0:0:0]} 49. b7 {[%emt 0:0:21]} Kc6 {[%emt 0:0:2]} 50. Rb3 {[%emt 0:0:1]} f5 {[%emt 0:0:21]
} 51. f3 {[%emt 0:0:9]} h5 {[%emt 0:0:17]} 52. Kd3 {[%emt 0:0:0]} d5 {[%emt 0:0:11]} 53. exd5+ {[%emt 0:0:24]} Kxd5 {[%emt 0:0:1]} 54. Rb5+ {[%emt 0:0:10]} Kc6 {[%emt 0:0:19]} 55. Kc4 {[%emt 0:0:11]} e4 {[%emt 0:0:11]
} 56. fxe4 {[%emt 0:0:6]} fxe4 {[%emt 0:0:2]} 57. Rb3 {[%emt 0:0:12]
} e3 {[%emt 0:0:18]} 58. Kd3 {[%emt 0:0:8]} Kd5 1-0

[Event "FIDE World Rapid-ch Open 2018"]
[White "Petrov, Nikita"]
[Black "Khismatullin, Denis"]
[Site "St. Petersburg"]
[Round "9.41"]
[Annotator "ChessBase"]
[Result "1-0"]
[Date "2018.12.27"]
[WhiteElo "2593"]
[BlackElo "2621"]
[PlyCount "70"]
[TimeControl "900+10"]

1. e4 {[%emt 0:0:0]} c5 {[%emt 0:0:0]} 2. Nc3 {[%emt 0:0:0]} a6 {[%emt 0:0:0]} 3. Nge2 {[%emt 0:0:2]} b5 {[%emt 0:0:25]} 4. g3 {[%emt 0:0:24]} Bb7 {[%emt 0:0:5]} 5. Bg2 {[%emt 0:0:2]} e6 {[%emt 0:0:9]} 6. 0-0 {[%emt 0:0:0]} Nf6 {[%emt 0:1:34]} 7. d3 {[%emt 0:0:5]} b4 {[%emt 0:0:19]} 8. Na4 {[%emt 0:0:3]} d6 {[%emt 0:1:17]} 9. f4 {[%emt 0:0:7]} Nbd7 {[%emt 0:0:0]} 10. f5 {[%emt 0:0:19]} exf5 {[%emt 0:2:0]} 11. Rxf5 {[%emt 0:0:9]} Qc7 {[%emt 0:0:12]} 12. b3 {[%emt 0:3:23]} g6 {[%emt 0:0:21]} 13. Rf1 {[%emt 0:0:3]
} Bg7 {[%emt 0:0:2]} 14. Nb2 {[%emt 0:0:31]} 0-0 {[%emt 0:0:0]} 15. Nf4 {[%emt 0:0:9]} Nb6 {[%emt 0:0:50]} 16. g4 {[%emt 0:1:10]} Rae8 {[%emt 0:1:8]} 17. Rb1 {[%emt 0:0:30]} d5 {[%emt 0:1:49]} 18. g5 {[%emt 0:0:0]} Nfd7 {[%emt 0:0:2]} 19. exd5 {[%emt 0:0:55]} Bd4+ {[%emt 0:2:6]} 20. Kh1 {[%emt 0:0:2]} Re5 21. Nc4 Rf5 {[%emt 0:3:1]} 22. Be4 {[%emt 0:0:0]} Nxd5 {[%emt 0:0:19]} 23. Nxd5 {[%emt 0:0:30]} Bxd5 {[%emt 0:0:16]} 24. Bxd5 {[%emt 0:0:30]} Rxd5 {[%emt 0:0:4]} 25. Bf4 {[%emt 0:0:26]} Qd8 {[%emt 0:0:1]
} 26. Qf3 {[%emt 0:0:24]} Rf5 {[%emt 0:0:5]} 27. Qg2 {[%emt 0:0:0]} Nb6 {[%emt 0:1:16]} 28. Nxb6 {[%emt 0:0:51]} Qxb6 29. Rbe1 f6 {[%emt 0:0:35]
} 30. Bd2 {[%emt 0:2:23]} fxg5 {[%emt 0:0:35]} 31. Rxf5 {[%emt 0:0:3]
} Rxf5 {[%emt 0:0:5]} 32. Bxg5 {[%emt 0:0:17]} Qd6 {[%emt 0:0:0]} 33. Re8+ {[%emt 0:1:30]} Rf8 {[%emt 0:0:20]} 34. Qa8 {[%emt 0:0:18]} Bg7 35. Be7 Qxe7 1-0

[Event "FIDE World Rapid-ch Open 2018"]
[White "AL-Sayed, Mohammed"]
[Black "Ragger, Markus"]
[Site "St. Petersburg"]
[Round "9.42"]
[Annotator "ChessBase"]
[Result "0-1"]
[Date "2018.12.27"]
[WhiteElo "2484"]
[BlackElo "2687"]
[PlyCount "94"]
[TimeControl "900+10"]

1. e4 {[%emt 0:0:0]} e5 {[%emt 0:0:0]} 2. Nf3 {[%emt 0:0:0]} Nc6 {[%emt 0:0:0]
} 3. Bc4 {[%emt 0:0:0]} Bc5 {[%emt 0:0:0]} 4. d3 {[%emt 0:0:0]} Nf6 {[%emt 0:0:0]} 5. c3 {[%emt 0:0:21]} a6 {[%emt 0:0:11]} 6. Bb3 {[%emt 0:0:27]
} d6 {[%emt 0:0:22]} 7. Nbd2 {[%emt 0:0:7]} Ba7 {[%emt 0:0:0]} 8. Nf1 {[%emt 0:0:20]} Ng4 {[%emt 0:0:8]} 9. Ne3 {[%emt 0:0:14]} Nxe3 {[%emt 0:0:26]} 10. Bxe3 {[%emt 0:0:2]} Bxe3 {[%emt 0:0:3]} 11. fxe3 {[%emt 0:0:2]
} 0-0 {[%emt 0:0:2]} 12. 0-0 {[%emt 0:0:4]} Qe7 {[%emt 0:0:0]} 13. Qe1 {[%emt 0:0:14]} Be6 {[%emt 0:0:12]} 14. Qg3 {[%emt 0:1:20]} Bxb3 {[%emt 0:0:18]} 15. axb3 {[%emt 0:0:3]} a5 {[%emt 0:0:11]} 16. Nh4 {[%emt 0:0:51]
} Qe6 {[%emt 0:5:26]} 17. Nf5 {[%emt 0:0:45]} g6 {[%emt 0:0:0]} 18. Qh4 {[%emt 0:1:55]} f6 {[%emt 0:0:56]} 19. Nh6+ {[%emt 0:1:56]} Kh8 {[%emt 0:3:17]} 20. Rf3 {[%emt 0:0:25]} Ne7 {[%emt 0:0:7]} 21. Raf1 {[%emt 0:0:34]
} Ng8 {[%emt 0:0:14]} 22. Nxg8 {[%emt 0:2:20]} Kxg8 {[%emt 0:0:0]} 23. Rxf6 {[%emt 0:1:31]} Rxf6 {[%emt 0:1:52]} 24. Qxf6 {[%emt 0:0:0]} Qxf6 25. Rxf6 Ra6 {[%emt 0:1:8]} 26. d4 {[%emt 0:2:19]} Rb6 {[%emt 0:0:0]} 27. dxe5 {[%emt 0:0:20]} Kg7 {[%emt 0:0:1]} 28. g4 {[%emt 0:2:4]} Rb5 {[%emt 0:0:4]} 29. Re6 {[%emt 0:0:44]} Kf7 {[%emt 0:0:9]} 30. Rf6+ {[%emt 0:0:1]
} Ke7 {[%emt 0:0:11]} 31. Rf3 {[%emt 0:0:0]} Rxb3 {[%emt 0:0:0]} 32. exd6+ {[%emt 0:0:4]} Kxd6 {[%emt 0:0:4]} 33. Rf2 {[%emt 0:0:14]} Ke5 {[%emt 0:0:1]} 34. Rd2 {[%emt 0:0:8]} Kxe4 35. Kf2 c5 {[%emt 0:0:29]} 36. h4 {[%emt 0:0:19]} a4 {[%emt 0:0:5]} 37. Ke2 {[%emt 0:0:27]} b5 {[%emt 0:0:11]
} 38. Kf2 {[%emt 0:0:35]} h6 {[%emt 0:0:1]} 39. h5 {[%emt 0:0:0]} g5 {[%emt 0:0:13]} 40. Re2 {[%emt 0:0:14]} b4 {[%emt 0:0:15]} 41. cxb4 {[%emt 0:0:2]} cxb4 {[%emt 0:0:1]} 42. Rc2 {[%emt 0:0:19]} Kd3 {[%emt 0:0:5]
} 43. Re2 {[%emt 0:0:16]} a3 {[%emt 0:0:3]} 44. bxa3 {[%emt 0:0:0]} bxa3 {[%emt 0:0:1]} 45. Re1 {[%emt 0:0:11]} a2 {[%emt 0:0:7]} 46. Ra1 {[%emt 0:0:10]} Ra3 {[%emt 0:0:2]} 47. Kf3 {[%emt 0:0:2]} Kc2 {[%emt 0:0:10]
} 0-1

[Event "FIDE World Rapid-ch Open 2018"]
[White "Vitiugov, Nikita"]
[Black "Pershin, Denis"]
[Site "St. Petersburg"]
[Round "9.43"]
[Annotator "RC"]
[Result "1-0"]
[Date "2018.12.27"]
[WhiteElo "2719"]
[BlackElo "2400"]
[PlyCount "63"]
[TimeControl "900+10"]

1. e4 {[%emt 0:0:0]} c6 {[%emt 0:0:0]} 2. d4 {[%emt 0:0:0]} d5 {[%emt 0:0:0]} 3. e5 {[%emt 0:0:0]} Bf5 {[%emt 0:0:0]} 4. Bd3 {[%emt 0:0:18]} Bxd3 {[%emt 0:0:0]} 5. Qxd3 {[%emt 0:0:2]} c5 {[%emt 0:0:19]} 6. Ne2 {[%emt 0:2:23]
} Nc6 {[%emt 0:0:4]} 7. c3 {[%emt 0:0:9]} e6 {[%emt 0:0:8]} 8. 0-0 {[%emt 0:0:3]} Qb6 {[%emt 0:0:27]} 9. Nd2 {[%emt 0:0:16]} Rc8 {[%emt 0:0:15]
} 10. Nf3 {[%emt 0:0:28]} cxd4 {[%emt 0:1:11]} 11. cxd4 {[%emt 0:0:2]
} Nb4 {[%emt 0:0:33]} 12. Qb3 {[%emt 0:1:37]} Ne7 {[%emt 0:0:0]} 13. Bd2 {[%emt 0:0:12]} Nec6 {[%emt 0:0:47]} 14. Rfc1 {[%emt 0:0:54]} Be7 {[%emt 0:1:34]} 15. a3 {[%emt 0:0:2]} Na6 {[%emt 0:0:3]} 16. Qd3 {[%emt 0:0:8]
} h6 {[%emt 0:1:39]} 17. b4 {[%emt 0:0:8]} Nc7 {[%emt 0:0:2]
} 18. Nf4 {[%emt 0:0:24]} Kd7 {[%emt 0:2:52]} 19. Nh5 {[%emt 0:0:42]} g6 {[%emt 0:3:6]
} 20. Nf6+ {[%emt 0:0:7]} Bxf6 {[%emt 0:0:8]} 21. exf6 {[%emt 0:0:2]
} Nb5 {[%emt 0:0:9]} 22. Rc5 {[%emt 0:0:30]} a6 {[%emt 0:0:0]} 23. a4 {[%emt 0:0:20]} Nd6 {[%emt 0:0:33]} 24. b5 {[%emt 0:0:1]} axb5 {[%emt 0:0:3]} 25. axb5 {[%emt 0:0:2]} Nxd4 {[%emt 0:1:50]} 26. Ne5+ {[%emt 0:0:2]
} Kd8 {[%emt 0:0:2]} 27. Rxc8+ {[%emt 0:0:16]} Kxc8 {[%emt 0:0:0]} 28. Ra8+ {[%emt 0:0:23]} Kc7 {[%emt 0:0:2]} 29. Rxh8 {[%emt 0:0:5]
} Ne4 {[%emt 0:0:19]} 30. Bf4 {[%emt 0:0:25]} Qc5 {[%emt 0:0:31]} 31. Nc6+ {[%emt 0:0:23]
} e5 {[%emt 0:0:3]} 32. Bxe5+ {[%emt 0:0:31]} 1-0

[Event "FIDE World Rapid-ch Open 2018"]
[White "Yakubboev, Nodirbek"]
[Black "Adly, Ahmed"]
[Site "St. Petersburg"]
[Round "9.44"]
[Annotator "ChessBase"]
[Result "1-0"]
[Date "2018.12.27"]
[WhiteElo "2556"]
[BlackElo "2626"]
[PlyCount "75"]
[TimeControl "900+10"]

1. d4 {[%emt 0:0:0]} Nf6 {[%emt 0:0:12]} 2. Bg5 {[%emt 0:0:25]} Ne4 {[%emt 0:0:1]
} 3. Bf4 c5 4. f3 {[%emt 0:0:9]} Nf6 {[%emt 0:0:10]} 5. d5 {[%emt 0:1:14]
} g6 {[%emt 0:0:2]} 6. c4 {[%emt 0:0:41]} b5 {[%emt 0:0:14]} 7. cxb5 {[%emt 0:0:27]} Bg7 {[%emt 0:0:2]} 8. Nc3 {[%emt 0:0:7]} 0-0 {[%emt 0:0:7]
} 9. e4 {[%emt 0:0:15]} d6 {[%emt 0:0:17]} 10. Bc4 {[%emt 0:0:0]} a6 {[%emt 0:0:9]} 11. Nge2 {[%emt 0:0:51]} Nh5 {[%emt 0:0:4]} 12. Bg5 {[%emt 0:0:52]} Nd7 {[%emt 0:0:8]} 13. a4 {[%emt 0:1:58]} Ne5 {[%emt 0:0:0]} 14. b3 {[%emt 0:0:44]} f5 {[%emt 0:0:13]} 15. 0-0 {[%emt 0:1:28]} f4 {[%emt 0:0:3]
} 16. Bh4 {[%emt 0:1:39]} h6 {[%emt 0:0:1]} 17. Be1 {[%emt 0:0:0]} g5 {[%emt 0:0:57]} 18. h3 {[%emt 0:0:20]} Kh7 {[%emt 0:0:46]} 19. Ra2 {[%emt 0:0:40]} Rg8 {[%emt 0:0:12]} 20. bxa6 {[%emt 0:0:19]} Bf6 {[%emt 0:0:47]
} 21. Nc1 {[%emt 0:1:6]} Rg6 {[%emt 0:2:26]} 22. Nd3 {[%emt 0:0:0]} Qh8 {[%emt 0:0:2]} 23. Nb5 {[%emt 0:0:28]} Bxa6 {[%emt 0:2:27]} 24. Nxe5 {[%emt 0:0:9]} Bxe5 {[%emt 0:0:2]} 25. Nc7 {[%emt 0:0:3]} Bxc4 {[%emt 0:1:22]
} 26. bxc4 {[%emt 0:0:1]} Rc8 {[%emt 0:0:0]} 27. Nb5 {[%emt 0:0:18]
} Ng3 {[%emt 0:0:10]} 28. Bxg3 {[%emt 0:0:23]} fxg3 {[%emt 0:0:0]} 29. a5 {[%emt 0:0:8]} Rf6 {[%emt 0:2:45]} 30. a6 {[%emt 0:0:32]} Rcf8 {[%emt 0:0:0]} 31. a7 {[%emt 0:1:24]} g4 {[%emt 0:0:1]} 32. Qa4 {[%emt 0:1:15]
} Rxf3 {[%emt 0:2:23]} 33. gxf3 {[%emt 0:0:23]} Bd4+ {[%emt 0:0:0]} 34. Nxd4 {[%emt 0:0:11]} Qxd4+ {[%emt 0:0:1]} 35. Kg2 {[%emt 0:0:0]} gxh3+ {[%emt 0:0:7]} 36. Kxh3 {[%emt 0:0:3]} Qe5 {[%emt 0:0:3]} 37. a8=Q {[%emt 0:0:21]} Rf4 {[%emt 0:0:13]} 38. Q4e8 {[%emt 0:0:11]} 1-0

[Event "FIDE World Rapid-ch Open 2018"]
[White "Vallejo Pons, Francisco"]
[Black "Van Foreest, Jorden"]
[Site "St. Petersburg"]
[Round "9.45"]
[Annotator "ChessBase"]
[Result "1/2-1/2"]
[Date "2018.12.27"]
[WhiteElo "2695"]
[BlackElo "2614"]
[PlyCount "43"]
[TimeControl "900+10"]

1. e4 {[%emt 0:0:0]} e5 {[%emt 0:0:0]} 2. Nf3 {[%emt 0:0:0]} Nc6 {[%emt 0:0:0]
} 3. Bb5 {[%emt 0:0:2]} Nf6 {[%emt 0:0:14]} 4. 0-0 {[%emt 0:0:0]} Nxe4 {[%emt 0:0:5]} 5. Re1 {[%emt 0:0:2]} Nd6 {[%emt 0:0:4]} 6. Nxe5 {[%emt 0:0:4]} Be7 {[%emt 0:0:4]} 7. Bf1 {[%emt 0:0:6]} 0-0 {[%emt 0:0:19]
} 8. d4 {[%emt 0:0:28]} Nf5 {[%emt 0:0:22]} 9. c3 {[%emt 0:0:0]} Nxe5 {[%emt 0:0:16]} 10. dxe5 {[%emt 0:0:2]} d6 {[%emt 0:0:32]} 11. exd6 {[%emt 0:0:3]} Nxd6 {[%emt 0:0:50]} 12. Bf4 {[%emt 0:1:24]} Be6 {[%emt 0:0:37]
} 13. Na3 {[%emt 0:1:8]} c6 {[%emt 0:1:47]} 14. Qc2 {[%emt 0:0:0]} Bg5 {[%emt 0:0:23]} 15. Be5 {[%emt 0:0:59]} Bf6 {[%emt 0:0:5]} 16. Bg3 {[%emt 0:1:58]} Bh4 {[%emt 0:0:5]} 17. Bf4 {[%emt 0:1:17]} Bg5 {[%emt 0:0:3]
} 18. Qd2 {[%emt 0:0:18]} Bxf4 {[%emt 0:0:28]} 19. Qxf4 {[%emt 0:0:2]
} Qc7 {[%emt 0:1:36]} 20. Bc4 {[%emt 0:1:23]} Nb5 {[%emt 0:0:0]} 21. Qxc7 {[%emt 0:0:41]} Nxc7 {[%emt 0:0:2]} 22. Rad1 {[%emt 0:0:3]} 1/2-1/2